Strategic reading 1 : (Record no. 10186)

MARC details
000 -LEADER
fixed length control field 01948cam a2200385 a 4500
090 ## - LOCALLY ASSIGNED LC-TYPE CALL NUMBER (OCLC); LOCAL CALL NUMBER (OCLC)
-- 10186
001 - CONTROL NUMBER
control field 12887432
005 - DATE AND TIME OF LATEST TRANSACTION
control field 20030710084249.0
008 - FIXED-LENGTH DATA ELEMENTS--GENERAL INFORMATION
fixed length control field 020808s2003 enka b 000 0 eng
010 ## - LIBRARY OF CONGRESS CONTROL NUMBER
LC control number 2002031360
020 ## - INTERNATIONAL STANDARD BOOK NUMBER
International Standard Book Number 0521555809 (pbk.)
040 ## - CATALOGING SOURCE
Original cataloging agency DLC
Transcribing agency DLC
Modifying agency DLC
050 00 - LIBRARY OF CONGRESS CALL NUMBER
Classification number PE1128
Item number .R467 2003
082 00 - DEWEY DECIMAL CLASSIFICATION NUMBER
Classification number 428.64RIC
Edition number 21
100 1# - MAIN ENTRY--PERSONAL NAME
Personal name Richards, Jack C.
245 10 - TITLE STATEMENT
Title Strategic reading 1 :
Remainder of title building effective reading skills : student's book /
Statement of responsibility, etc Jack C. Richards, Samuela Eckstut-Didier.
246 3# - VARYING FORM OF TITLE
Title proper/short title Strategic reading one
260 ## - PUBLICATION, DISTRIBUTION, ETC. (IMPRINT)
Place of publication, distribution, etc Cambridge, UK ;
-- New York :
Name of publisher, distributor, etc Cambridge University Press,
Date of publication, distribution, etc 2003.
300 ## - PHYSICAL DESCRIPTION
Extent xi, 131 p. :
Other physical details ill. (some col.) ;
Dimensions 28 cm.
504 ## - BIBLIOGRAPHY, ETC. NOTE
Bibliography, etc Includes bibliographical references.
650 #0 - SUBJECT ADDED ENTRY--TOPICAL TERM
Topical term or geographic name as entry element English language
Form subdivision Textbooks for foreign speakers.
650 #0 - SUBJECT ADDED ENTRY--TOPICAL TERM
Topical term or geographic name as entry element Reading comprehension
Form subdivision Problems, exercises, etc.
650 #0 - SUBJECT ADDED ENTRY--TOPICAL TERM
Topical term or geographic name as entry element College readers.
700 1# - ADDED ENTRY--PERSONAL NAME
Personal name Eckstut-Didier, Samuela.
856 42 - ELECTRONIC LOCATION AND ACCESS
Materials specified Publisher description
Uniform Resource Identifier <a href="http://www.loc.gov/catdir/description/cam031/2002031360.html">http://www.loc.gov/catdir/description/cam031/2002031360.html</a>
856 41 - ELECTRONIC LOCATION AND ACCESS
Materials specified Table of contents
Uniform Resource Identifier <a href="http://www.loc.gov/catdir/toc/cam031/2002031360.html">http://www.loc.gov/catdir/toc/cam031/2002031360.html</a>
906 ## - LOCAL DATA ELEMENT F, LDF (RLIN)
a 7
b cbc
c orignew
d 1
e ocip
f 20
g y-gencatlg
942 ## - ADDED ENTRY ELEMENTS (KOHA)
Source of classification or shelving scheme Dewey Decimal Classification
Item type Book - Borrowing
Holdings
Withdrawn status Item status Source of classification or shelving scheme Damaged status Not for loan Home library Current library Shelving location Date acquired Source of acquisition Total Checkouts Total Renewals Full call number Barcode Date last seen Date last borrowed Koha item type Materials specified (bound volume or other part)
    Dewey Decimal Classification     Central Library Central Library Second Floor 21/09/2008 Purchase 1 1 428.64RIC 000013654 15/07/2025 26/01/2014 Book - Borrowing  
    Dewey Decimal Classification     Central Library Central Library Second Floor 21/09/2008 Purchase     428.64RIC 000013623 15/07/2025   Book - Borrowing  
    Dewey Decimal Classification     Central Library Central Library Second Floor 21/09/2008 Purchase 1   428.64RIC 000013624 15/07/2025 20/02/2013 Book - Borrowing  
    Dewey Decimal Classification     Central Library Central Library Second Floor 21/09/2008 Purchase 2 3 428.64RIC 000013625 15/07/2025 04/11/2015 Book - Borrowing  
  Lost Dewey Decimal Classification     Central Library Central Library Second Floor 21/09/2008 Purchase     428.64RIC 000013626 21/09/2008   Book - Borrowing Lost In Inventory_2015-8-23